000 00625nam a2200205 4500
999 _c64022
_d64022
003 Ge_BSU
005 20260310162627.0
008 260310s2020 enk||||| |||| 00| 0 eng d
020 _a9780262538244x
041 _aeng
080 _a330(520) I-87
100 _aIto, Takatoshi
_927105
245 _aThe Japanese Economy /
_cTakatoshi Ito, Takeo Hoshi.
250 _a2nd Edition
264 _aLondon :
_bThe MIT Press,
_c2020.
300 _a585 p.;
_b24 cm.
653 _aიაპონიის ეკონომიკა
700 _aHoshi, Takeo
_eმთარგმნელი
_927106
942 _2udc
_cᲬᲘᲒᲜᲘ